मुझे चाँद चाहिए / (Record no. 116065)

MARC details
000 -LEADER
fixed length control field 01162nam a22002777a 4500
005 - DATE AND TIME OF LATEST TRANSACTION
control field 20170124103033.0
010 ## - LIBRARY OF CONGRESS CONTROL NUMBER
LC control number B-136971
020 ## - INTERNATIONAL STANDARD BOOK NUMBER
Terms of availability 250.00
International Standard Book Number 8188134198
035 ## - SYSTEM CONTROL NUMBER
System control number B-136971
037 ## - SOURCE OF ACQUISITION
Source of stock number/acquisition Cen Lib/Ret
040 ## - CATALOGING SOURCE
Original cataloging agency DPL
Language of cataloging HN
082 ## - DEWEY DECIMAL CLASSIFICATION NUMBER
Classification number 823.08
Item number वेश्यसी
100 ## - MAIN ENTRY--PERSONAL NAME
Personal name वेश्य , सीमा
9 (RLIN) 64628
245 ## - TITLE STATEMENT
Title मुझे चाँद चाहिए /
Statement of responsibility, etc सीमा वेश्य
246 ## - VARYING FORM OF TITLE
Title proper/short title Mujhe chand chahiye
Remainder of title by Seema Veshya
260 ## - PUBLICATION, DISTRIBUTION, ETC. (IMPRINT)
Place of publication, distribution, etc नई दिल्ली
Name of publisher, distributor, etc सत्यम पब्लिशिंग हाउस
Date of publication, distribution, etc 2005
270 ## - ADDRESS
Address एन.-3/25, मोहन गार्डन
City नई दिल्ली
Postal code 110059
300 ## - PHYSICAL DESCRIPTION
Extent 126पृष्ठ.
Dimensions 20सेमी(सजिल्द)
490 ## - SERIES STATEMENT
Series statement
500 ## - GENERAL NOTE
General note आधार ग्रन्थ सूची शामिल
650 ## - SUBJECT ADDED ENTRY--TOPICAL TERM
Topical term or geographic name as entry element हिंदी साहित्य
9 (RLIN) 64630
650 ## - SUBJECT ADDED ENTRY--TOPICAL TERM
Topical term or geographic name as entry element हिंदी उपन्यास का स्वरुप
9 (RLIN) 10161
650 ## - SUBJECT ADDED ENTRY--TOPICAL TERM
Topical term or geographic name as entry element Hindi literature
9 (RLIN) 64633
650 ## - SUBJECT ADDED ENTRY--TOPICAL TERM
Topical term or geographic name as entry element Hindi novel form
9 (RLIN) 64634
942 ## - ADDED ENTRY ELEMENTS (KOHA)
Source of classification or shelving scheme Dewey Decimal Classification
Koha item type Hindi Books
Classification part 823.08
Call number suffix वैश्यसी
Holdings
Withdrawn status Lost status Damaged status Not for loan Home library Current library Date acquired Source of acquisition Cost, normal purchase price Total Checkouts Full call number Barcode Date last seen Date checked out Copy number Cost, replacement price Price effective from Koha item type Source of classification or shelving scheme Public note
        Central Library Central Library 22/08/2015 Cen Lib/Ret 250.00 3 823.08 वेश्यसी B-136971 10/01/2023 30/12/2022 1 250.00 22/08/2015 Hindi Books    
        Sarojini Nagar Sarojini Nagar 27/03/2006   250.00   823.08 वैश्यसी B-136973 22/10/2021     250.00 22/10/2021 Hindi Books Dewey Decimal Classification Withdrawn List Prepared List No.35/07

© Delhi Public Library
Hit Counter
free hit counter